8 mars - Statistiques

Statistiques générales
  • Ce quiz a été pris 42 fois
  • Le résultat moyen est 8 sur 15
Statistiques - réponses
Question Réponse % Correct
Selon vous, combien dépensent annuellement les femmes pour leurs protections menstruelles ? 120 à 170 euros
100%
Que se passe-t-il le 8 mars ? C’est la journée internationale de lutte pour le droit des femmes
100%
Selon vous, combien y a t-il de féminicides en France ? (le meurtre d'une femme ou d'une fille en raison de son genre. ) 1 tous les 2 jours
80%
Quel était le premier pays à accorder le droit de vote aux femmes (1893) La Nouvelle Zélande
80%
Quel est le pourcentage de femmes qui sont responsables d'accidents mortels sur la route ? 16 %
60%
Quel est le pourcentage de femmes ingénieures en France ? 24 %
60%
Dans le secteur privé, en moyenne le salaire d’une femme est inferieur à celui d’un homme de : 24 %
60%
Le congé maternité est de 10 semaines. Depuis 2021, à la naissance d’un enfant, les pères ont droit à un congé de: 25 jours
60%
Quel pourcentage de femmes a reçu un prix Nobel entre 1901 et 2023 ? 7 %
60%
Les règles de grammaire ont changé au cours de l’histoire. La tournure grammaticale suivante a-t-elle déjà été utilisée ? “ Les hommes et les femmes sont belles”. Avant le 18ème siècle cette phrase était correcte car la règle grammaticale était : “l'accord se fait avec le terme le plus proche de l'adjectif dans la phrase”
60%
Parmi les propositions suivantes, laquelle est vraie ? Le rose a symbolisé, à une époque, la masculinité
40%
A votre avis, un rasoir rose gilette par rapport à un rasoir bleu foncé identique gilette est… Plus cher
40%
Quel est la part de femmes qui déclare avoir déjà fait face à un comportement sexiste en France ? 9 femmes sur 10
20%
Le terme “autrice” est un mot qui : disparaît des manuels de langue au 18ème siecle
20%
À partir de quelle date les femmes ont-elles pu participer aux Jeux Olympiques dans tous les sports ? 2012
0%
Aucun quiz correspondant
Distribution des résultats
% des personnes avec chaque résultat
Percentile par nombre de réponses
Votre historique - résultats
Vous n’avez pas pris ce quiz